00957 a2200181 4500003000500000005001700005010001600022020002200038035002100060040000900081082002100090100001600111245009700127260004600224300003200270505045000302650002300752Nust20221019135449.0 a 94037372 a0201409097 (pbk.) a(DLC) 94037372 cNust00a620.00420285,GIB1 aFane, Bill.10aAutoCAD essentials :ban unintimidating introduction to AutoCAD and AutoCAD LT /cBill Fane. aReading, Mass. :bAddison-Wesley,cc1995. ax, 214 p. :bill. ;c24 cm. aGetting Started (Page-1), Entity Creation (Page-15), Display Commands (Page-35), Editing (Page-49), Drawing Aids (Page-73), Layers, Colors and Line Types (Page-87), Text and DTEXT (Page-99), Dimensioning (Page-113), Polylines and Polyline Editing (Page-131), More Entities (Page-147), Cross-Hatching (Page-161), Blocks and Attributes (Page-173), Drawing Scales Inquiry Commands and Units (Page-189), Customizing and System Management (Page-201). 0aComputer graphics.